000 00452nam a22001577a 4500
005 20251108163330.0
008 250721s1981 xx 000 0 ara d
082 1 4 _a001.42/عبد
100 1 _aشربجي، عبد الرزاق محمد صلاح
245 1 0 _aالإنحدار الخطي المتعدد /
264 1 _aالموصل :
_bجامعة الموصل،
_c1981.
300 _a228ص.
650 1 7 _aالأبحاث
942 _2ddc
_cBK
999 _c37
_d37